00880nam a2200181Ia 4500008004100000020001500041050002000056100003500076245009100111260003300202300001800235490004700253504003500300505025900335650004400594650002300638700003700661120626s2000 sp 000 0 spa d a8477383367 aBF724bV44 2000 aVega Vega, José Luiseautor aDesarrollo adulto y envejecimientoc./ José Luis Vega Vega: Belén Bueno Martínez aEspañab: Síntesisc2000 a365 páginas aPsicología evolutiva y de la educación aBibliografía (pp. 349 - 365) aDesarrollo del adulto y envejecimiento Biología y salud Sensación, percepción y ejecución Atención, aprendizaje y memoria Inteligencia, creatividad y sabiduría Desarrollo personal Familia y pareja Relaciones laborales y sociales 0aENVEJECIMIENTOxASPECTOS PSICOLÓGICOS aADULTOxDESARROLLO aBueno Martínez, Beléneautor